000 00523nam a2200217Ia 4500
005 20250425162225.0
008 250425s9999 xx 000 0 und d
020 _a1412916348
041 _aeng
082 _a361.0068 8
100 _aANDREASEN, ALAN R.
245 0 _aSOCIAL MARKETING IN THE 21 CENTURY
250 _aS.E.
260 _aCALIFORNIA CITY
260 _aEstados Unidos
_bSAGE PUBLICATIONS
_c2006
300 _a264
650 _aMARKETING SOCIAL
710 _aSAGE
942 _c01
010 _a57840
999 _c224860
_d224860